[Event "Dos Hermanas"]
[Site "Dos Hermanas"]
[Date "1996.06.01"]
[Round "9"]
[White "Kramnik, Vladimir"]
[Black "Shirov, Alexei"]
[Result "1/2-1/2"]
[WhiteElo "2775"]
[BlackElo "2690"]
[Annotator "Shirov,A"]
[PlyCount "71"]
[EventDate "1996.05.21"]
[EventType "tourn"]
[EventRounds "9"]
[EventCountry "ESP"]
[EventCategory "19"]
[SourceTitle "CBM 053"]
[Source "ChessBase"]
[SourceDate "1996.08.01"]
[SourceVersion "1"]
[SourceVersionDate "1996.08.01"]
[SourceQuality "1"]

1. e4 {Wedberg} e5 2. Nf3 Nc6 3. Bb5 {Surprise. Until now Kramnik hasn't
played Ruy Lopez.} a6 4. Ba4 Nf6 5. O-O Be7 {I have been employing} (5... b5 6.
Bb3 Bc5 {recently but knowing that Anand played it against Kasparov in New
York I suspected that Kramnik would analyse it through with Garri and it might
be the reason he chose the Spanish against me.}) 6. Bxc6 dxc6 7. Qe1 $5 {
A rare but very tricky line. I definitely didn't react in the best way.} Nd7 {
An interesting alternative which Paul Keres used to play would be} (7... Be6 $5
8. b3 Nd7 9. Bb2 Bd6 10. d4 f6 {.}) 8. b3 c5 9. Bb2 Bd6 10. a4 Qe7 $6 {An
artifitial setup. Simple development like} (10... O-O {is always better.}) (
10... O-O 11. Na3 Re8 (11... b6 12. Nc4 Bb7 13. d3 Qe7 14. Qe2 (14. Ne3 Rae8
15. Nf5 Qd8 16. N3h4 g6 {1/2-1/2 Gavrilakis,N-Lalic,B/Novi Sad olm (04)
GRC-JUB 1990}) 14... Rae8 15. Rfe1 Qd8 16. Bc1 Nb8 17. Ne3 Nc6 $10 {Hickl,
J-Wahls,M/Bern zt (2) 1990/1-0 (84)}) (11... f6 {Wedberg} 12. Nc4 Nb8 13. Nh4
Nc6 14. Nf5 Bxf5 $6 15. exf5 Qd7 16. Qe4 $16 {<=> Blatny,P-Siklosi,Z/Kecskemet
56/(372) 1992}) 12. Nc4 f6 13. d3 (13. Nh4 {Wedberg} Nf8 14. Nf5 Rb8 15. d3 Ne6
16. Nfxd6 cxd6 17. Ne3 Bd7 18. Nf5 Bc6 $10 {Frendzas,P-Sturua,Z/Peristeri (03)
1993/1/2-1/2 (73)}) 13... Nf8 14. Nfd2 Ne6 15. Nxd6 cxd6 16. Nc4 b6 17. Ne3 Bb7
$10 {1/2-1/2 Gullaksen,E-Berzinsh,R/Debrecen EU-chT (8) LAT-NOR 1992 (22)}) 11.
Nc3 $1 {A new and the most logical move. Black would be fine after} (11. Na3 $6
Nb8 $1 {which in fact has already occured in a few games.} (11... Nb8 {Wedberg}
12. Nc4 Nc6 $10) (11... Nf8 12. Nc4 Ng6 13. Qe3 O-O 14. Rfe1 Bd7 $10 {
Ivanovic-Ajanski/Plovdiv/1977})) 11... Nf6 (11... c6 12. d3 $14) 12. d3 $14 Be6
13. Nd2 g5 $6 {Violating all the strategical rules. The f5 weakness will be
pain in neck for a long time. I should have chosen. Wedberg: Preventing f4 and
going for 0-0-0. Its quite logical, but unusual, to castle queenside in this
line. Compare it to the immediate exchange variation, 4.Bxc6, were 0-0-0 is
standard procedure for Black.} (13... Nd7 14. Nc4 O-O {with playable position
although after} 15. Ne3 {White is still slightly better.}) 14. Nc4 O-O-O 15.
Ba3 $1 $16 {Straight attack is the best in the situation. Black finds himself
in severe difficulties as his pieces are badly coordinated.} Nd7 (15... h5 16.
Nxd6+ Qxd6 (16... cxd6 $6 {Wedberg} 17. b4 $40) 17. a5 $40 {/\Na4, b4}) 16. Rb1
Nb8 {Trying to get some air. Otherwise it would be one side play, for example}
(16... Rhe8 17. b4 Bxc4 (17... cxb4 18. Nxd6+ Qxd6 19. Bxb4 $16) 18. dxc4 cxb4
19. Nd5 $16 {etc.}) 17. Nd5 $1 {White could force a slightly better ending
after} (17. Nxd6+ Qxd6 (17... cxd6 $2 18. Nd5 (18. b4 $40) 18... Bxd5 19. exd5
$16 {/\ 20.b4}) 18. Qe3 (18. b4 {Wedberg} cxb4 19. Rxb4 Nc6 20. Rb3 Qd4 21. Rb2
f5 $13) 18... Qd4 19. Ne2 Qxe3 20. fxe3 Nd7 $14 {but it's clear that he
aspires for more. Meanwhile}) (17. b4 cxb4 18. Nxd6+ cxd6 19. Bxb4 Nc6 {
would already give Black certain defensive possibilities.}) 17... Bxd5 18. exd5
Rhe8 (18... f5 $142 {Wedberg}) 19. Qe4 $1 {A very precise move.} (19. Nxd6+
Qxd6 20. c4 c6 $1 {would promise Black counterplay, for example} 21. b4 cxd5
22. bxc5 Qe6 $13 {. Another interesting opportunity was}) (19. b4 $5 cxb4 $8
20. Bxb4 Bxb4 21. Rxb4 Rxd5 22. Qb1 $1 Nc6 23. Rxb7 Qc5 24. Ne3 $14 {.}) 19...
Nd7 $1 {Passive defence like} (19... Qd7 $6 20. Ne3 {is just a hell.}) 20. b4
$1 {White could capture the pawn with} (20. Qxh7 {But I think that after} Rh8
21. Qf5 g4 $1 {Black gets counterchances. I prefer the text.}) 20... cxb4 21.
Nxd6+ {Of course not} (21. Bxb4 $4 Bxb4 22. d6 cxd6 23. Rxb4 d5 $19 {.}) 21...
Qxd6 22. Bxb4 Qg6 $1 {The best practical try. After} (22... f5 23. Qxf5 $1 {
(but not} (23. Qc4 $6 Nb6 $1 24. Bxd6 Nxc4 25. Bxc7 Rd7 $1 {with draw as
indicated by Kasparov}) 23... Qxd5 24. Qxh7 {White would also grab a pawn but
this time without any compensation.}) 23. Qe3 (23. Qxg6 {Wedberg} hxg6 24. d6
Re6 25. dxc7 Kxc7 26. a5 $14) 23... Kb8 24. c4 f5 {[#]Making at least one
active move.} (24... Ka8 25. Ba5 $1 {would not be very promising for example}
b6 (25... Rc8 26. c5 Nf6 27. c6 bxc6 28. dxc6 Nd5 29. Qc5 Ne7 30. Rfc1 $18) 26.
Bc3 {(/\27.a5+/-)} a5 27. Rb5 $1 $16 {/\ 28.Bxa5!}) 25. c5 {The critical
moment. Kramnik opts for a rather forced continuation which poses Black big
practical problems but is objectively still not the strongest. His post-mortem
suggestion} (25. Ba5 {would also be very interesting. Black is then obliged to
play} f4 $1 26. Bxc7+ Kxc7 27. Qa7 Kd6 $1 (27... Rb8 $2 28. c5 $18) 28. Rxb7
Qxd3 29. Qxa6+ (29. c5+ Nxc5 30. Qb6+ Kxd5 31. Rc7 Qc2 $1 $15) 29... Ke7 {
and I think that he is still alive although many people would possibly prefer
White in this position. I personally consider}) (25. Rb2 $1 {to be White's
best. After} f4 (25... e4 $6 26. d4 f4 27. Qb3 $40) 26. Qe4 $1 (26. Qd2 $2 e4
$1 $132) 26... Nf6 (26... Qxe4 27. dxe4 $16) 27. Qxg6 hxg6 28. Rfb1 $16 {
Black has an extremely difficult endgame.}) 25... Nf6 26. d6 Nd5 {Seems
necessary in view of} (26... cxd6 $2 27. c6 $18 {or}) (26... c6 27. d4 $1 $16
Nd5 $140 28. Qb3) 27. Qd2 {Another option would be} (27. Qc1 $5 {Now
variations like} c6 $1 {is surprisingly the way to play it. I fail to
establish White's advantage, for example} (27... cxd6 $2 28. c6 Rc8 29. Ba5 Re7
30. Qc4 $18 {or}) (27... Nxb4 $2 28. dxc7+ (28. Rxb4 c6 $14) 28... Kxc7 29.
Rxb4 $16 {look very dark but}) 28. Ba5 Rd7 29. Qc4 (29. Qb2 Qg7 30. Bc7+ Rxc7
31. dxc7+ Qxc7 $44) 29... Ka7 (29... Ka8 $2 30. Rxb7 Kxb7 31. Rb1+ Ka7 32. Bb6+
Nxb6 33. Rxb6 Ka8 34. Rxc6 $3 Qg8 35. Rxa6+ Ra7 36. d7 Rb8 37. Qxg8 Rxg8 38. c6
Rb8 39. g3 Rxa6 40. c7 $18) 30. Rb2 Qg7 31. Rfb1 Rb8 $10 {I should also
mention that}) (27. dxc7+ Kxc7 28. Ba5+ Kb8 {seems acceptable for Black.})
27... cxd6 $2 {A very big mistake which should have become decisive. Again I
had to play} (27... c6 $1 {with ideas similar to previous variations.}) 28. c6
$1 Rc8 (28... Re7 $2 29. Ba3 $18) (28... b6 $2 29. Ba5 (29. Qa2 {Wedberg} Qg8
30. Qc4 Ka7 31. a5 b5 32. Bc5+ dxc5 33. Qxc5+ Kb8 34. c7+ Nxc7 35. Qb6+ Kc8 36.
Rfc1 Rd7 37. Qxa6+ Kd8 38. Qf6+ Rde7 (38... Ree7 39. Rxb5 Nxb5 40. Qb6+ Ke8 41.
Rc8+ Kf7 42. Rxg8 Kxg8 43. Qxb5 $16) 39. Rxc7 Kxc7 40. Qb6+ Kd7 41. Rc1 {+-})
29... Kc7 (29... Ka7 30. Bxb6+ Nxb6 31. Qe3 Rb8 32. a5 $18) 30. Bxb6+ Nxb6 31.
Qa5 Rb8 32. Qxa6 $18 {The best continuation was probably}) (28... Ka7 29. Ba5
bxc6 30. Bxd8 Rxd8 31. Rb3 $16 {but still it's terrible for Black.}) 29. cxb7
Rc6 30. Rfc1 $2 {Natural but wrong.} (30. Ba3 $1 {would just win the game, for
instance} Qe6 (30... Rc3 31. Rfc1 $1 Rxa3 (31... Rxc1+ 32. Qxc1 Ne7 33. Rb6 Rd8
34. Qc4 {+-}) 32. Qa5 $18 (32. Qa5 {Wedberg} Nc3 33. Rxc3 Rxc3 34. Qxc3 Qe6 35.
Qa5 d5 36. Rb6 {+-})) (30... Re7 31. Qa5 Qg8 32. Rfc1 Rec7 33. Rc4 $18) (30...
Nf4 31. Rfc1 d5 (31... Rxc1+ 32. Rxc1 Qe6 33. Qa5 Ne2+ 34. Kh1 Nxc1 35. Qb6 Rd8
36. Qxd8+ Kxb7 37. Bxc1 {+-}) 32. Rxc6 Qxc6 33. Qb4 Rd8 34. Qe7 Qc7 35. Qf6 {+-
}) 31. Rfc1 Qd7 32. Rxc6 Qxc6 33. Qxg5 $18) 30... Rxc1+ 31. Qxc1 Nxb4 32. Rxb4
Qe6 $1 {Now it's not easy anymore. Black is just in time.} 33. h4 $6 {Kramnik
was already in a time-trouble and he didn't play} (33. Qxg5 {which was his
best practical chance. Still I think that after} f4 $1 {Black gets some
counterplay although I am not completely sure whether it's sufficient.
Meanwhile in case of} (33... Re7 34. a5 f4 $14)) (33. Rb6 Qd5 $1 {or} (33...
Qd5 34. Qc4 Qxc4 35. dxc4 Rd8 $13)) (33. Qc6 d5 34. Qc5 Qe7 35. Qb6 Qc7 {
he has already nothing to worry about.}) 33... Re7 $5 (33... gxh4 $5 {was
possible as well but I wanted to fix a draw.}) (33... gxh4 34. Rxh4 (34. Rb6
Qd5 35. Qc4 Qxc4 36. dxc4 Rd8 $15) 34... Qd7 35. Rb4 d5 36. Qc5 Qc7 37. Qxd5
Qc1+ $10) 34. Qc6 (34. Rb6 $1 Rxb7 (34... gxh4 {Wedberg} 35. Rxd6 $1 Qg8 36.
Rxa6 Rxb7 37. Qc5 {+-}) 35. Qc6 Qe7 36. hxg5 $16) 34... d5 35. Qxe6 (35. Qc5 {
Wedberg} Rxb7 36. Qf8+ $10) 35... Rxe6 36. hxg5 {Here Vladimir offered me draw
and I accepted it thus making him ,as I realised afterwards, the tournament
winner. The position after} (36. hxg5 f4 $1 {is drawn.}) 1/2-1/2

[Event "PCA-Wch Candidates m1"]
[Site "New York"]
[Date "1994.??.??"]
[Round "7"]
[White "Tiviakov, Sergei"]
[Black "Adams, Michael"]
[Result "1-0"]
[WhiteElo "2630"]
[BlackElo "2660"]
[Annotator "Tiviakov,S"]
[PlyCount "71"]
[EventDate "1994.06.??"]
[EventType "match"]
[EventRounds "8"]
[EventCountry "USA"]
[SourceTitle "CBM 042"]
[Source "ChessBase"]
[SourceDate "1994.10.01"]
[SourceVersion "1"]
[SourceVersionDate "1994.10.01"]
[SourceQuality "1"]

1. e4 {Wedberg} e5 2. Nf3 Nc6 3. Bb5 a6 4. Ba4 Nf6 5. O-O Be7 6. Bxc6 dxc6 7.
Qe2 $1 Bg4 (7... Nd7 8. d4 $14 (8. d3 O-O 9. Nbd2)) (7... O-O 8. Nxe5 Qd4 9.
Nf3 Qxe4 10. Qxe4 Nxe4 11. Re1 f5 12. d3 $16) (7... Bd6 8. d4 Qe7 $14) 8. h3
Bxf3 (8... Bh5 $5 {Christiansen}) 9. Qxf3 O-O 10. d3 Nd7 11. Qg3 (11. Nc3 Nc5
12. Qg3 Bd6 13. f4 exf4 14. Bxf4 $14 {Wolff,P-Christiansen,L/USA-ch/1985/})
11... Re8 (11... f6 12. f4 exf4 13. Bxf4 Nc5 14. Nc3 (14. Bxc7 Qd4+) 14... Ne6
15. Be3 Bc5 16. Bxc5 Nxc5 17. Rf5 Ne6 18. Raf1 Nd4 19. R5f2 Qe7 $14 {Tiviakov,
S-Adams,M (13)/PCA WchQual4/1994/}) (11... Bd6 12. f4 exf4 13. Bxf4 Bxf4 14.
Rxf4 $14) (11... f6 {Wedberg Tiviakov,S-Adams,M (13)/PCA WchQ NewYork /1994 /1/
2-1/2 /58}) 12. f4 exf4 (12... Bh4 13. Qg4 (13. Qf3 exf4 14. Bxf4 $14) 13...
exf4 14. Bxf4 Bf6 15. Nc3 $14) 13. Bxf4 Bd6 $5 (13... Bh4 14. Qf3 $14) (13...
Rc8 {Wedberg}) 14. Bxd6 (14. Nd2 $14) 14... cxd6 15. Qxd6 Qb6+ 16. Kh1 (16. d4
$2 Rad8 $17 (16... Qxb2 $2 17. Qxd7 Qxa1 18. Rxf7 Qxb1+ 19. Kh2 $18)) 16...
Qxb2 17. Na3 Ne5 (17... Rad8 18. Rab1 (18. Nc4 $5 Qxc2 19. Qg3 {/\ Nd6}) 18...
Qc3 (18... Qxa2 19. Rxb7 Ne5) 19. Rb3 (19. Rxb7 Nc5 20. Re7 Qxa3 (20... Rf8 21.
Rexf7 $3 $18) 21. Rfxf7 Rxd6 22. Rxg7+ Kh8 23. Rxh7+ $10) 19... Qc5 (19... Qa5
20. Nc4 Qxa2 21. Rxb7) 20. Qxc5 Nxc5 21. Rb6 $16 Re7 22. Rfb1) 18. Rab1 Qxa2 (
18... Qc3 19. Rxb7) 19. Rxb7 Rad8 (19... Qe6 $16) (19... Qe6 {Wedberg}) 20. Re7
(20. Qc5 $16) 20... Rf8 (20... f6 21. Nc4 $3 Nxc4 (21... Rf8 22. Qc7 Nf7 23.
Rxf7) (21... Qxc2 22. Nxe5 fxe5 23. Qe6+) (21... Rxd6 22. Rxe8+ Kf7 23. Nxd6+
Kg6 24. Re7 Qxc2 25. Nf5 $18) 22. Qe6+) (20... Ng6 21. Rxe8+ Rxe8 22. Qxc6 $18)
(20... Qb2 $1 21. Rb1 (21. Rxe8+ Rxe8 22. d4 Ng6 23. Qxc6 (23. Rb1 Qc3 24. Rb8
Rxb8 25. Qxb8+ Nf8) 23... Rd8 24. Qc7 (24. Qxa6 Qxd4) 24... Qxd4 25. Qxf7+ Kh8
$14) 21... Qc3 22. Rxe8+ Rxe8 23. Rb8 Qe1+ 24. Kh2 Nf3+ 25. gxf3 Qf2+ $10) 21.
Qc5 (21. Qxe5 Qxa3 22. Ra1 Qb4 23. Ra7 $16) 21... Ng6 (21... Nd7 22. Qc3 $1) (
21... f6 22. Ra7) 22. Ra7 h6 (22... Ra8 23. Rxa8 Rxa8 24. Qxc6) (22... Qe6 23.
Rxa6 $18) 23. Rxa6 Ra8 24. Qxc6 Rxa6 25. Qxa6 Kh7 26. d4 Re8 27. Qd3 Kg8 28.
Nc4 Rc8 29. Ne3 Qb2 30. e5 Qc3 31. Qe4 Re8 32. Nf5 Qc4 33. Re1 Qc3 34. Nd6 Re7
35. Rf1 Qa3 36. c4 (36. c4 Qxd6 37. Qa8+ $1) 1-0

[Event "Biel GM"]
[Site "Biel"]
[Date "2004.07.27"]
[Round "8"]
[White "McShane, Luke J"]
[Black "Bacrot, Etienne"]
[Result "0-1"]
[WhiteElo "2643"]
[BlackElo "2712"]
[Annotator "Wedberg,T"]
[PlyCount "102"]
[EventDate "2004.07.19"]
[EventType "tourn"]
[EventRounds "10"]
[EventCountry "SUI"]
[EventCategory "18"]
[SourceTitle "CBM 102"]
[Source "ChessBase"]
[SourceDate "2004.09.23"]
[SourceVersion "1"]
[SourceVersionDate "2004.09.23"]
[SourceQuality "1"]

1. e4 e5 2. Nf3 Nc6 3. Bb5 a6 4. Ba4 Nf6 5. O-O Be7 6. Bxc6 dxc6 7. d3 Nd7 8.
Nbd2 O-O 9. Nc4 f6 10. Nh4 Nc5 11. Nf5 (11. Qf3 {is the main alternative.})
11... Bxf5 12. exf5 Qd7 (12... Qd5 13. Qg4 {leads to the same position.}) 13.
Qf3 Qd5 14. Qg4 Rad8 (14... e4 $1 {This break secures an equal game for Black.
Its the main reason noone wants to play this line anymore with White - unless
a draw is OK.} 15. Ne3 Qe5 16. Nc4 Qd5 17. Ne3 Qe5 {1/2-1/2 Gipslis,A-Geller,E/
Moscow 1970/MCD (16)}) 15. Re1 (15. Bh6 $5 Qf7 16. b3 Rd4 17. Qg3 Rd5 18. Rae1
Kh8 19. Bc1 Nd7 20. Re4 $14 {1-0 Fedorov,V-Ivanov,I/Beltsy 1977/MCD (41)}) (15.
Be3 e4 $1 16. Bxc5 Bxc5 17. Qxe4 Qxe4 18. dxe4 Rd4 19. Na5 Bb6 20. Nb3 Rxe4 $15
{0-1 West,G-Rumens,D/Lewisham 1981/EXT 99 (78)}) 15... Rfe8 (15... Rf7 16. Be3
b5 17. Nd2 Na4 18. b3 Nb6 19. Ne4 $14 {1-0 Tringov,G-Pietzsch,W/Lugano 1968/
MCD (37)}) 16. a4 $6 {A lax move. White should have taken the chance to block
the vital square e4.} (16. Nd2 $1 {Whites main hope for an advantage in this
line lies in blockading the e4-square.} Bf8 17. h3 Qf7 18. Nf3 Qd5 19. Nd2 Qf7
20. b3 Rd4 21. Qe2 Red8 22. g3 R4d5 23. Nc4 b6 24. Bb2 {1-0 Sax,G-Geller,E/
Moscow 1982/IZT (45)}) 16... Bf8 (16... e4 $5) 17. b3 b5 18. axb5 cxb5 19. Ne3
$6 (19. Nd2 {doesn´t stop e4, but was preferable all the same.} e4 $1 20. dxe4
Nxe4 21. Nf3 Qc6 $11) 19... Qd4 $1 20. Ra2 Qxg4 21. Nxg4 e4 $1 {Usually this
advance means equality, this time Black even gets a slight pull.} 22. d4 $2 {
Not a good day for McShane.} (22. dxe4 $8 Rxe4 23. Ne3 Bd6 $15 {Better
P-formation and active pieces.}) 22... Rxd4 23. Bb2 Rd6 24. Rea1 Ra8 25. Ne3
Nb7 26. c4 bxc4 27. Nxc4 Rd3 $19 28. g4 Rxb3 29. Nd2 Rb6 30. Nxe4 Nc5 31. Ng3
Nb3 32. Rd1 Rd6 33. Re1 Rd2 34. Nf1 Rd3 35. Kg2 a5 36. Re4 Nd2 37. Re3 Rxe3 38.
Nxe3 Nb3 39. Ra4 Bb4 40. h4 Rd8 41. Nc4 h6 42. Ra2 Nd2 43. Ne3 c5 44. Bc1 Nb3
45. Bb2 Rd2 46. Nc4 Re2 47. Kf1 Re4 48. Ne3 c4 49. Nd5 Re1+ 50. Kg2 Re2 51. Kf3
Nd4+ 0-1

[Event "Reykjavik zt"]
[Site "Reykjavik"]
[Date "1995.??.??"]
[Round "7"]
[White "Hansen, Sune Berg"]
[Black "Hector, Jonny"]
[Result "0-1"]
[WhiteElo "2460"]
[BlackElo "2540"]
[Annotator "Wedberg,T"]
[PlyCount "94"]
[EventDate "1995.03.??"]
[EventType "swiss"]
[EventRounds "11"]
[EventCountry "ISL"]
[SourceTitle "CBM 047"]
[Source "ChessBase"]
[SourceDate "1995.08.01"]
[SourceVersion "1"]
[SourceVersionDate "1995.08.01"]
[SourceQuality "1"]

1. e4 e5 2. Nf3 Nc6 3. Bb5 a6 4. Ba4 Nf6 5. O-O Be7 6. Bxc6 dxc6 7. Qe2 Bg4 8.
h3 Bh5 $5 (8... Bxf3) 9. g4 Bg6 10. Nxe5 Bxe4 11. g5 Rg8 $1 12. Nc3 (12. gxf6
gxf6+ 13. Ng4 (13. Kh2 Rg2+ 14. Kh1 Rxf2+ 15. Qxe4 Rxf1+ 16. Kg2 Rxc1 $19)
13... f5 14. Kh2 Bd6+ 15. f4 Qh4 16. d3 Rxg4 $19) 12... Bf5 13. Re1 Nd7 14. Nc4
Nf8 15. Qf3 Be6 16. Na5 Bd5 17. Nxd5 Qxd5 18. Qxd5 cxd5 19. d4 (19. Nxb7 Kd7
20. Na5 (20. d4 Ne6 $17) 20... Bxg5 $17) 19... Rb8 $15 20. c3 Ne6 21. f4 g6 22.
Re5 $6 c6 23. Bd2 Kd7 24. Rae1 Bd6 25. R5e2 b6 26. Nb3 Rbe8 27. Rf2 Ng7 $1 $17
28. Nc1 c5 29. Nd3 Nf5 30. dxc5 Bxc5 31. Nxc5+ bxc5 32. Rfe2 Re6 33. Kf2 h6 34.
Re5 Kd6 35. gxh6 Rh8 36. c4 dxc4 37. Rc1 Rxh6 38. Kg2 Rh4 39. Rxc4 Rxe5 40.
fxe5+ Kd5 41. Rc1 Re4 42. Bc3 Re2+ 43. Kf3 Rh2 44. Kg4 Rg2+ 45. Kf4 Rf2+ 46.
Kg4 Nd4 47. Rd1 Kxe5 0-1

[Event "FRA-ch Prelim Gr-B"]
[Site "Besancon"]
[Date "1999.08.16"]
[Round "1"]
[White "Koch, Jean Rene"]
[Black "Boudre, Jean Pierre"]
[Result "1-0"]
[WhiteElo "2510"]
[BlackElo "2397"]
[Annotator "Wedberg,T"]
[PlyCount "99"]
[EventDate "1999.08.16"]
[EventType "tourn"]
[EventRounds "7"]
[EventCountry "FRA"]
[EventCategory "10"]
[SourceTitle "CBM 073"]
[Source "ChessBase"]
[SourceDate "1999.12.01"]
[SourceVersion "1"]
[SourceVersionDate "1999.12.01"]
[SourceQuality "1"]

1. e4 e5 2. Nf3 Nc6 3. Bb5 a6 4. Ba4 Nf6 5. O-O Be7 6. Bxc6 dxc6 7. Qe1 Nd7 8.
b3 O-O 9. Bb2 Bd6 10. d3 Re8 11. Nbd2 Nf8 12. Qe3 (12. Nc4 Ng6 13. d4 exd4 14.
Nxd4 Qg5 $132 {0-1 Schabanel,S-Shevelev,S/Paris 1993/CBM 38/[Bulletin] (31)})
12... c5 (12... Ng6 13. d4 exd4 14. Qxd4 Bf8 15. Qc3 Qe7 16. Rae1 Qc5 17. Nd4
Qxc3 18. Bxc3 c5 19. Ne2 f5 $36 {0-1 Glueck,D-Romanishin,O/Groningen 1990/CBM
22 (39)}) 13. Nc4 Ng6 14. a4 b6 15. Rfe1 f6 16. c3 Bf8 17. Red1 Bb7 18. Ne1 Qd7
19. f3 {White bolsters his centre, perhaps in preparation for d4.} Rad8 20. Qf2
Qf7 21. Ba3 Nf4 22. Kh1 Rd7 23. g3 Ne6 24. Ne3 Red8 25. Bb2 g6 26. Qe2 Bg7 27.
c4 {With d4 effectively prevented, White goes for a N-post on d5.} Nd4 (27...
c6 28. a5 b5 $11) 28. Bxd4 cxd4 (28... Rxd4 29. Nd5 $14 {/\Nec2}) 29. Nd5 a5
30. Nc2 Bf8 31. f4 exf4 32. Rf1 $5 {White is on the offensive.} Bxd5 33. cxd5
fxg3 34. Nxd4 Bd6 35. Nc6 Re8 36. Qg2 Qg7 (36... gxh2 37. Rae1 Qg7 38. d4 {
[%cal Ye1e2,Yf1e1,Ye4e5] Black is two P:s up but White has an easy plan.
Double R:s and play e5. I don´t see what Black can do against that.}) 37. d4
Qh6 38. Rae1 Qxh2+ 39. Qxh2 gxh2 40. Rxf6 Bg3 41. Re3 Bd6 42. e5 Ba3 43. Kxh2
Rxd5 44. Ref3 Rd7 (44... Rf8 $142 45. Rxf8+ Bxf8 46. e6 Bd6+ 47. Kg2 Rf5 $17)
45. Kg3 Bf8 46. e6 Rd6 47. d5 $1 Rxd5 $2 (47... Bg7 48. Rf7 Rxc6 49. dxc6 Rxe6
50. Rd7 h5 51. Rff7 $36) 48. Rxf8+ $1 $18 Rxf8 49. Ne7+ Kg7 50. Nxd5 1-0

[Event "Redbus KO"]
[Site "Southend"]
[Date "1999.04.04"]
[Round "3.2"]
[White "Plaskett, H James"]
[Black "Pein, Malcolm"]
[Result "1-0"]
[WhiteElo "2483"]
[BlackElo "2425"]
[Annotator "Wedberg,T"]
[PlyCount "33"]
[EventDate "1999.04.??"]
[EventType "k.o."]
[EventRounds "4"]
[EventCountry "ENG"]
[SourceTitle "CBM 071"]
[Source "ChessBase"]
[SourceDate "1999.08.01"]
[SourceVersion "1"]
[SourceVersionDate "1999.08.01"]
[SourceQuality "1"]

1. e4 e5 2. Nf3 Nc6 3. Bb5 a6 4. Ba4 Nf6 5. O-O Be7 6. Bxc6 dxc6 7. Qe1 {
One of the ideas behind this move is to later play d4 in one go, rather than
d3 and then d4, which is also possible. The other major point is that Bg4 does
not pin Nf3 anymore.} Nd7 8. b3 f6 9. Bb2 O-O 10. d4 exd4 11. Nxd4 Nc5 (11...
Ne5 12. f4 c5 13. Nf3 Nxf3+ 14. Rxf3 Bg4 15. Rd3 Qe8 16. Nc3 $14 {1-0
Gullaksen,E-Diesen,B/Vettre 1992/EXT 98 (44)}) (11... Nb6 12. c4 Bc5 13. Qc3
Re8 14. Nd2 Qe7 15. Rae1 Bg4 16. Qg3 Rad8 17. N2f3 Bc8 18. e5 f5 19. e6 $36 {
1-0 Rowson,J-Dhar,S/BCF-ch 1993/TD (40)}) 12. Nd2 Re8 (12... Ne6 13. Nf5 Bc5
14. Nc4 Nf4 15. Ng3 Be6 16. Ne3 Qe8 17. Rd1 Qg6 $11 {1/2-1/2 Luther,
T-Krallmann,M/Hamburg 1992/EXT 97 (44)}) 13. Qe3 $146 {[%mdl 8] With the idea
of pushing forward fast with Rae1 and f4 etc.} (13. Nc4 Bd6 14. f3 Be6 15. Ne3
Qd7 (15... Qe7 16. Ndf5 Qf8 17. Qh4 Be5 18. Bxe5 fxe5 19. Qg3 Bxf5 20. Nxf5 Qf6
$14 {1/2-1/2 Lang,H-Jackson,S/ENG-chT9697 1997/EXT 99 (20)}) 16. Rd1 Qf7 17.
Ndf5 Bf8 18. Qg3 Kh8 19. Qh4 Nd7 20. Kh1 Ne5 21. g4 $40 {1-0 Hebden,M-Lane,G/
BCF-ch 1989/CBM 15 (27)}) 13... Bd6 (13... Ne6 $5) 14. f4 Bd7 (14... Nxe4 $2
15. Nxe4 f5 16. Qg3 {[%cal Yg3g7,Yb2g7]} Rxe4 17. Nxf5 $40) 15. Rae1 Qe7 $6 {
Black tries to block the e5-square, but it only results in heavier casualties
when White plays it anyway.} (15... Ne6 $142) 16. Qg3 $16 {White´s threat e5
is difficult to meet.} Kh8 $4 {[%mdl 8192] A "safe" move that blunders a piece
by unprotecting the vital square f8.} (16... Rad8 17. e5 fxe5 18. fxe5 Bxe5 19.
Nxc6 Bxc6 20. Rxe5 $16) (16... Ne6 17. Nf5 Bc5+ 18. Kh1 Qf8 19. e5 $40) (16...
b6 {is the best chance since} 17. e5 (17. N4f3 $5 $14) 17... fxe5 18. fxe5 Bxe5
19. Nxc6 Bxc6 20. Rxe5 Qd7 {is acceptable for Black.}) 17. e5 $1 {An old
scheme in a new setting.} (17. e5 fxe5 18. fxe5 Bxe5 19. Rxe5 $1 Qxe5 20. Rf8+
$1 {The deadly point made possible by Black´s 16th move.} Rxf8 21. Qxe5 b6 22.
Nf5 $18) 1-0